| 000 -LEADER |
| fixed length control field |
00806nam a22001337a 4500 |
| 040 ## - CATALOGING SOURCE |
| Transcribing agency |
RUA |
| 082 ## - DEWEY DECIMAL CLASSIFICATION NUMBER |
| Classification number |
AED SOM 2016 B650 Or.1 |
| 100 ## - MAIN ENTRY--AUTHOR NAME |
| Personal name |
SOM SAMPHOS សោម សម្ភស្ស |
| 245 ## - TITLE STATEMENT |
| Title |
the study on the impact of drought on wet season rice production at ptespry commune, pursat town, pursat province, ការសិក្សារពីផលប៉ះពាលនៃគ្រោះរាំងស្ងូតលើផលស្រូវវស្សានៅក្នុងឃុំផ្ទះព្រៃក្រុង ក្រុងពោធិ៍សាត់ ខេត្តពោធិ៍សាត់ |
| 260 ## - PUBLICATION, DISTRIBUTION, ETC. (IMPRINT) |
| Place of publication |
RUA |
| Name of publisher |
Phnom penh |
| Year of publication |
2016 |
| 300 ## - PHYSICAL DESCRIPTION |
| Number of Pages |
xi;44p |
| Other physical details |
ill; |
| Dimensions |
29cm |
| 856 ## - ELECTRONIC LOCATION AND ACCESS |
| Uniform Resource Identifier |
https://drive.google.com/file/d/1b4nORD08gdP6lO13sBZJc7Ibh_n8f7Xa/view?usp=sharing |
| 942 ## - ADDED ENTRY ELEMENTS (KOHA) |
| Koha item type |
AED |
| 952 ## - LOCATION AND ITEM INFORMATION (KOHA) |
| Withdrawn status [LOCAL, KOHA] |
0 |
| 952 ## - LOCATION AND ITEM INFORMATION (KOHA) |
| Withdrawn status [LOCAL, KOHA] |
0 |
| 952 ## - LOCATION AND ITEM INFORMATION (KOHA) |
| Withdrawn status [LOCAL, KOHA] |
0 |
| 952 ## - LOCATION AND ITEM INFORMATION (KOHA) |
| Withdrawn status [LOCAL, KOHA] |
0 |
| 952 ## - LOCATION AND ITEM INFORMATION (KOHA) |
| Withdrawn status [LOCAL, KOHA] |
0 |
| 952 ## - LOCATION AND ITEM INFORMATION (KOHA) |
| Withdrawn status [LOCAL, KOHA] |
0 |